MARC details
| 000 -LEADER |
| fixed length control field |
02237cam a2200637 a 4500 |
| 001 - CONTROL NUMBER |
| control field |
ocm11282615 |
| 003 - CONTROL NUMBER IDENTIFIER |
| control field |
OCoLC |
| 005 - DATE AND TIME OF LATEST TRANSACTION |
| control field |
20220304144546.0 |
| 008 - FIXED-LENGTH DATA ELEMENTS--GENERAL INFORMATION |
| fixed length control field |
840917s1984 enkacf 001 0 eng |
| 015 ## - NATIONAL BIBLIOGRAPHY NUMBER |
| National bibliography number |
GB84-32807 |
| 015 ## - NATIONAL BIBLIOGRAPHY NUMBER |
| National bibliography number |
b8432807 |
| 020 ## - INTERNATIONAL STANDARD BOOK NUMBER |
| International Standard Book Number |
0905838939 |
| 020 ## - INTERNATIONAL STANDARD BOOK NUMBER |
| International Standard Book Number |
9780905838939 |
| 029 1# - OTHER SYSTEM CONTROL NUMBER (OCLC) |
| OCLC library identifier |
AU@ |
| System control number |
000003403006 |
| 029 1# - OTHER SYSTEM CONTROL NUMBER (OCLC) |
| OCLC library identifier |
GEBAY |
| System control number |
331624 |
| 029 1# - OTHER SYSTEM CONTROL NUMBER (OCLC) |
| OCLC library identifier |
HEBIS |
| System control number |
245712666 |
| 029 1# - OTHER SYSTEM CONTROL NUMBER (OCLC) |
| OCLC library identifier |
NZ1 |
| System control number |
2743786 |
| 029 1# - OTHER SYSTEM CONTROL NUMBER (OCLC) |
| OCLC library identifier |
UNITY |
| System control number |
047839147 |
| 029 1# - OTHER SYSTEM CONTROL NUMBER (OCLC) |
| OCLC library identifier |
DEBBG |
| System control number |
BV000242422 |
| 029 1# - OTHER SYSTEM CONTROL NUMBER (OCLC) |
| OCLC library identifier |
NZ1 |
| System control number |
314569 |
| 035 ## - SYSTEM CONTROL NUMBER |
| System control number |
(OCoLC)11282615 |
| 040 ## - CATALOGING SOURCE |
| Original cataloging agency |
UKM |
| Language of cataloging |
eng |
| Transcribing agency |
UKM |
| Modifying agency |
OCL |
| -- |
OCLCQ |
| -- |
OCLCG |
| -- |
AU@ |
| -- |
GEBAY |
| -- |
EUM |
| -- |
OCLCF |
| -- |
OCLCO |
| -- |
OCLCQ |
| -- |
DEBBG |
| -- |
OCLCA |
| -- |
UEJ |
| 043 ## - GEOGRAPHIC AREA CODE |
| Geographic area code |
f-gh--- |
| 050 14 - LIBRARY OF CONGRESS CALL NUMBER |
| Classification number |
DT512.3.N57 |
| 082 04 - DEWEY DECIMAL CLASSIFICATION NUMBER |
| Classification number |
966.7/05/0924 |
| Edition number |
19 |
| 100 1# - MAIN ENTRY--PERSONAL NAME |
| Personal name |
Powell, Erica. |
| 9 (RLIN) |
31241 |
| 245 10 - TITLE STATEMENT |
| Title |
Private secretary (female)/Gold Coast / |
| Statement of responsibility, etc. |
Erica Powell. |
| 260 ## - PUBLICATION, DISTRIBUTION, ETC. |
| Place of publication, distribution, etc. |
London : |
| Name of publisher, distributor, etc. |
Hurst, |
| Date of publication, distribution, etc. |
�1984. |
| 300 ## - PHYSICAL DESCRIPTION |
| Extent |
xi, 228 pages, [8] pages of plates : |
| Other physical details |
illustrations, portraits ; |
| Dimensions |
23 cm |
| 500 ## - GENERAL NOTE |
| General note |
Includes index. |
| 504 ## - BIBLIOGRAPHY, ETC. NOTE |
| Bibliography, etc. note |
Includes index. |
| 600 10 - SUBJECT ADDED ENTRY--PERSONAL NAME |
| Personal name |
Nkrumah, Kwame, |
| Dates associated with a name |
1909-1972. |
| 9 (RLIN) |
1476 |
| 600 17 - SUBJECT ADDED ENTRY--PERSONAL NAME |
| Personal name |
Nkrumah, Kwame, |
| Dates associated with a name |
1909-1972 |
| Source of heading or term |
fast |
| 9 (RLIN) |
1476 |
| 600 17 - SUBJECT ADDED ENTRY--PERSONAL NAME |
| Personal name |
Nkrumah, Kwame. |
| Source of heading or term |
swd |
| 9 (RLIN) |
1504 |
| 600 17 - SUBJECT ADDED ENTRY--PERSONAL NAME |
| Personal name |
Nkrumah, Kwame, |
| Dates associated with a name |
1909-1972. |
| Source of heading or term |
gnd |
| 9 (RLIN) |
1476 |
| 648 #7 - SUBJECT ADDED ENTRY--CHRONOLOGICAL TERM |
| Chronological term |
Geschichte 1957-1979 |
| Source of heading or term |
swd |
| 9 (RLIN) |
31242 |
| 648 #4 - SUBJECT ADDED ENTRY--CHRONOLOGICAL TERM |
| Chronological term |
Geschichte 1957-1979. |
| 9 (RLIN) |
31242 |
| 650 #7 - SUBJECT ADDED ENTRY--TOPICAL TERM |
| Topical term or geographic name entry element |
Presidents. |
| Source of heading or term |
fast |
| 9 (RLIN) |
24686 |
| 650 07 - SUBJECT ADDED ENTRY--TOPICAL TERM |
| Topical term or geographic name entry element |
Autobiographie. |
| Source of heading or term |
swd |
| 9 (RLIN) |
31243 |
| 650 07 - SUBJECT ADDED ENTRY--TOPICAL TERM |
| Topical term or geographic name entry element |
Politik. |
| Source of heading or term |
swd |
| 9 (RLIN) |
10999 |
| 650 07 - SUBJECT ADDED ENTRY--TOPICAL TERM |
| Topical term or geographic name entry element |
Quelle. |
| Source of heading or term |
swd |
| 9 (RLIN) |
31244 |
| 650 07 - SUBJECT ADDED ENTRY--TOPICAL TERM |
| Topical term or geographic name entry element |
Autobiografie. |
| Source of heading or term |
gnd |
| 9 (RLIN) |
21311 |
| 650 07 - SUBJECT ADDED ENTRY--TOPICAL TERM |
| Topical term or geographic name entry element |
Politik. |
| Source of heading or term |
gnd |
| 9 (RLIN) |
10999 |
| 650 07 - SUBJECT ADDED ENTRY--TOPICAL TERM |
| Topical term or geographic name entry element |
Quelle. |
| Source of heading or term |
gnd |
| 9 (RLIN) |
31244 |
| 651 #0 - SUBJECT ADDED ENTRY--GEOGRAPHIC NAME |
| Geographic name |
Ghana |
| General subdivision |
Presidents |
| Form subdivision |
Biography. |
| 9 (RLIN) |
31245 |
| 651 #7 - SUBJECT ADDED ENTRY--GEOGRAPHIC NAME |
| Geographic name |
Ghana. |
| Source of heading or term |
fast |
| 9 (RLIN) |
31246 |
| 651 #7 - SUBJECT ADDED ENTRY--GEOGRAPHIC NAME |
| Geographic name |
Ghana. |
| Source of heading or term |
swd |
| 9 (RLIN) |
31246 |
| 651 #7 - SUBJECT ADDED ENTRY--GEOGRAPHIC NAME |
| Geographic name |
Ghana. |
| Source of heading or term |
gnd |
| 9 (RLIN) |
31246 |
| 653 ## - INDEX TERM--UNCONTROLLED |
| Uncontrolled term |
Ghana |
| -- |
Nkrumah, Kwame - Biographies |
| 655 #7 - INDEX TERM--GENRE/FORM |
| Genre/form data or focus term |
Biography. |
| Source of term |
fast |
| 9 (RLIN) |
31247 |
| 655 #4 - INDEX TERM--GENRE/FORM |
| Genre/form data or focus term |
Powell, Erika. |
| 9 (RLIN) |
31248 |
| 776 08 - ADDITIONAL PHYSICAL FORM ENTRY |
| Relationship information |
Online version: |
| Main entry heading |
Powell, Erica. |
| Title |
Private secretary (female)/Gold Coast. |
| Place, publisher, and date of publication |
London : Hurst, �1984 |
| Record control number |
(OCoLC)557816609 |
| 776 08 - ADDITIONAL PHYSICAL FORM ENTRY |
| Relationship information |
Online version: |
| Main entry heading |
Powell, Erica. |
| Title |
Private secretary (female)/Gold Coast. |
| Place, publisher, and date of publication |
London : Hurst, �1984 |
| Record control number |
(OCoLC)608123422 |
| 942 ## - ADDED ENTRY ELEMENTS (KOHA) |
| Koha item type |
Books |
| 948 ## - LOCAL PROCESSING INFORMATION (OCLC); SERIES PART DESIGNATOR (RLIN) |
| h (OCLC) |
NO HOLDINGS IN GHUCC - 82 OTHER HOLDINGS |